[Event "Sachsen-ch U16 Girls"]
[Site "Sebnitz"]
[Date "2009.04.17"]
[Round "6"]
[White "Reichelt, Luisa Marie"]
[Black "Stoerzer, Tina"]
[Result "1-0"]
[WhiteElo "1540"]
[BlackElo "1285"]
[PlyCount "107"]
[EventDate "2009.04.14"]
[EventType "swiss"]
[EventRounds "7"]
[EventCountry "GER"]
[SourceTitle "EXT 2010"]
[Source "ChessBase"]
[SourceDate "2010.11.25"]
[SourceVersion "1"]
[SourceVersionDate "2010.11.25"]
[SourceQuality "1"]

1. e4 e5 2. Nf3 Nc6 3. d4 exd4 4. Nxd4 Nf6 5. Nxc6 bxc6 6. Bg5 Be7 7. f3 h6 8. Bh4 d6 9. Bc4 Be6 10. Bxe6 fxe6 11. 0-0 0-0 12. Nc3 Rb8 13. Rb1 d5 14. Bf2 a6 15. Re1 dxe4 16. Nxe4 Qxd1 17. Rexd1 Rbd8 18. Nxf6+ Bxf6 19. b3 Rf7 20. Rxd8+ Bxd8 21. Rd1 Bf6 22. Kf1 Kf8 23. Ke2 Ke8 24. Ke3 Rd7 25. Rxd7 Kxd7 26. Ke4 g6 27. g4 Kd6 28. Bg3+ Kd7 29. Be5 Bxe5 30. Kxe5 Ke7 31. f4 Kf7 32. h4 Ke7 33. f5 exf5 34. gxf5 gxf5 35. Kxf5 Kf7 36. b4 Kg7 37. c4 Kh7 38. Kf6 Kg8 39. Kg6 Kh8 40. Kxh6 Kg8 41. Kg6 Kh8 42. h5 Kg8 43. h6 Kh8 44. Kf7 Kh7 45. Ke7 Kxh6 46. Kd7 Kg6 47. Kxc7 Kf6 48. Kxc6 Ke7 49. b5 axb5 50. cxb5 Kd8 51. Kb7 Kd7 52. b6 Kd6 53. Ka7 Kc6 54. b7 1-0